000 00533nam a2200169Ia 4500
003 GCL
008 140319s9999 xx 000 0 ara d
040 _aGCL /
_cGCL
082 0 4 _a155.67
_bل ا
100 1 _aلطفى عبدالعزيز الشربينى
245 1 0 _aاسرار الشيخوخة: مشكلات المسنين وكيفية العلاج /
_cلطفى عبدالعزيز الشربينى
300 _a186 ص
490 _aكتاب
_v0
650 0 4 _aعلم النفس
650 0 4 _aالشيخوخة
942 _2ddc
_cBK
999 _c41260
_d41260